000
00212 a2200097 4500
001
32163
100
_a
Boyce, Jim
245
_a
Upgrading PCs Illustrated
260
_a
N Delhi
_b
PHI
_c
1997
090
_c
21609
_d
21609
942
_a
NUST-CAE
_c
M
_c
12902
999
_c
267236
_d
267236